000 00977cad a22002175a 4500
001 E151945
008 110111s2007 xxk f 000 0 eng d
035 _a(Sirsi) u151945
041 0 _aeng
110 2 _aRoyal Institution of Chartered Surveyors
_94900
245 0 2 _aA guide to the CML certificate
260 _aLondon
_bRICS
_bRIBA
_bCIAT
_c2007
520 _aSets out the rationale and workings of the CML certificate and assists practitioners in assessing the risks and potential liabilities they assume when they are asked to sign one.
590 _aKA
651 4 _aUnited Kingdom
690 _aPROPERTY-PROPERTY APPRAISAL AND VALUATION
710 1 _aRoyal Institute of British Architects
_92527
710 1 _aChartered Institute of Architectural Technologists
856 4 0 _uhttps://www.architecture.com/-/media/GatherContent/CML-Professional-Consultants-Certificate/Additional-Documents/CMLCertificateGuidancepdf.pdf
_zView the guidance online
942 _n0
_2ddc
999 _c111750
_d111750